| 000 | 00634nam a22002292a 4500 | ||
|---|---|---|---|
| 001 | 23630 | ||
| 003 | Bd-RjUL | ||
| 005 | 20211209000943.0 | ||
| 008 | 140311s1970 ii b 000 0beng d | ||
| 035 | _a(Bd-RjUL)23695 | ||
| 040 |
_aDLC _cDLC _dEQO _dBd-RjUL _beng |
||
| 041 | _aeng | ||
| 082 | 0 | 0 |
_a954.040924 _219 _bZAK 1971 |
| 245 | 0 |
_a Zakir Husain a study / _cedited by B.K. Ahluwalia |
|
| 250 | _a[1st ed.] | ||
| 260 |
_aNew Delhi : _bSterling pub. Ltd, _c1971 |
||
| 300 |
_a1257p. ; _c23 cm |
||
| 600 | 1 | 0 |
_aHusain, Zakir, _d1897-1969 _973595 |
| 700 | 1 |
_a Ahluwalia, B.K. _972730 |
|
| 942 |
_2ddc _cBK |
||
| 999 |
_c23630 _d23630 |
||